000 00631nam a2200229Ia 4500
003 OSt
005 20220928144050.0
006 a|||||r|||| 00| 0
007 ta
008 220927b |||||||| |||| 00| 0 eng d
024 _a23963
037 _cTextual
040 _aSDCL
_cSDCL
_beng
041 _2eng
_aeng
082 _aI:424, N8
100 _aBoland Greg J Ed.
_9506643
245 0 _aPlant-microbe interactions and biological control.
260 _c1998
700 _a Kuykendall L David Ed.
_9506644
942 _hI:424, N8
_cTEXL
_2CC
999 _c825888
_d825888